Vainqueurs de la Coupe de France (2010-2019) - Statistiques

Statistiques générales
  • Ce quiz a été pris 30 fois
  • Le résultat moyen est 66 sur 110
Statistiques - réponses
POSTE PAYS JOUEUR % Correct
ATT Suède Zlatan Ibrahimović
100%
ATT Argentine Ángel Di María
96%
ATT Uruguay Edinson Cavani
96%
G Allemagne Kevin Trapp
96%
DEF Brésil Marquinhos
96%
MIL Italie Thiago Motta
96%
DEF Brésil Thiago Silva
96%
G France Alphonse Aréola
92%
MIL France Blaise Matuidi
92%
DEF France Damien Da Silva
92%
ATT Allemagne Julian Draxler
92%
ATT France Kylian Mbappé
92%
MIL Italie Marco Verratti
92%
DEF Côte d'Ivoire Serge Aurier
92%
DEF Pays-Bas Gregory van der Wiel
88%
ATT Brésil Lucas Moura
88%
DEF Brésil Maxwell
88%
G Italie Salvatore Sirigu
88%
MIL France Adrien Rabiot
77%
ATT Belgique Eden Hazard
77%
ATT Argentine Lisandro López
73%
DEF Espagne Yuri Berchiche
73%
DEF Brésil Dani Alves
69%
DEF Brésil David Luiz
69%
G France Hugo Lloris
69%
ATT Turquie Mevlüt Erding
69%
G France Mickaël Landreau
69%
DEF Mali Hamari Traoré
65%
ATT Sénégal Moussa Sow
65%
G France Cédric Carrasso
62%
DEF Brésil Cris
62%
MIL Argentine Giovani Lo Celso
62%
DEF Algérie Ramy Bensebaïni
62%
MIL France Benjamin Bourigeaud
58%
DEF Croatie Dejan Lovren
58%
ATT Côte d'Ivoire Gervinho
58%
MIL Suède Kim Källström
58%
G France Nicolas Douchez
58%
DEF France Sylvain Armand
58%
MIL France Yoann Gourcuff
58%
MIL France Yohan Cabaye
58%
ATT France Alexandre Lacazette
54%
G Arménie Apoula Edel
54%
ATT France Guillaume Hoarau
54%
MIL Sénégal Idrissa Gueye
54%
MIL République Tchèque Jaroslav Plašil
54%
DEF France Mamadou Sakho
54%
DEF France Anthony Réveillère
50%
DEF France Christophe Jallet
50%
DEF Mozambique Mexer
50%
DEF France Adil Rami
46%
ATT Mali Cheick Diabaté
46%
ATT France Hatem Ben Arfa
46%
ATT Sénégal Ismaïla Sarr
46%
G République Tchèque Tomáš Koubek
46%
DEF France Zoumana Camara
46%
ATT France Bafétimbi Gomis
42%
MIL France Benjamin André
42%
ATT Sénégal M'Baye Niang
42%
ATT Bénin Stéphane Sessègnon
42%
ATT France Claudio Beauvue
38%
ATT Pologne Ludovic Obraniak
38%
MIL France Maxime Gonalons
38%
DEF France Aly Cissokho
35%
DEF Cameroun Aurélien Chedjou
35%
MIL France Benjamin Stambouli
35%
DEF France Franck Béria
35%
MIL France Jérémy Clément
35%
DEF France Mathieu Debuchy
35%
MIL France Rio Mavuba
35%
DEF France Benoît Trémoulinas
31%
DEF France Christophe Kerbrat
31%
MIL France Claude Makélélé
31%
MIL France Clément Grenier
31%
MIL France Ludovic Giuly
31%
DEF Sénégal Ludovic Sané
23%
MIL Sénégal Younousse Sankharé
23%
G Mali Mamadou Samassa
19%
ATT Mali Mustapha Yatabaré
19%
ATT Sénégal Henri Saivet
15%
MIL France Grégory Sertic
12%
DEF Brésil Henrique
12%
DEF France Jérémy Sorbon
12%
DEF Brésil Mariano
12%
ATT France Christophe Mandanne
8%
MIL France Nicolas Maurice-Belay
8%
DEF France Dorian Lévêque
4%
MIL France Lionel Mathis
4%
DEF France Jonathan Martins Pereira
0%
ATT France Steeven Langil
0%
Aucun quiz correspondant
Distribution des résultats
% des personnes avec chaque résultat
Percentile par nombre de réponses
Votre historique - résultats
Vous n’avez pas pris ce quiz